Classement des médailles d'athlétisme aux Jeux olympiques d'été de2024 - Statistiques

Statistiques générales
  • Ce quiz a été pris 49 fois
  • Le résultat moyen est 23 sur 43
Statistiques - réponses
Or Argent Bronze Pays % Correct
14 11 9 États-Unis
95%
0 1 0 France
88%
1 1 2 Chine
83%
1 2 1 Allemagne
79%
1 0 0 Japon
79%
1 0 0 Suède
79%
3 1 1 Canada
76%
1 4 5 Grande-Bretagne
76%
2 1 3 Pays-Bas
76%
2 1 1 Espagne
74%
1 2 4 Australie
71%
4 2 5 Kenya
71%
0 1 2 Italie
69%
2 1 0 Norvège
69%
0 0 1 Pologne
69%
1 3 2 Jamaïque
67%
1 0 0 Maroc
67%
0 0 1 Algérie
64%
0 2 0 Afrique du Sud
62%
0 1 0 Inde
62%
0 1 0 Portugal
62%
1 1 1 Belgique
60%
1 0 1 Grèce
60%
1 3 0 Éthiopie
57%
0 1 1 Brésil
55%
1 1 0 Nouvelle-Zélande
52%
1 1 0 Sainte-Lucie
52%
1 0 0 Pakistan
45%
1 1 0 Botswana
40%
1 0 2 Ukraine
40%
0 1 0 Hongrie
38%
0 0 1 République Tchèque
33%
0 0 1 Croatie
29%
1 1 0 Ouganda
29%
0 1 0 Lituanie
26%
0 0 1 Qatar
26%
1 0 0 Dominique
24%
0 0 2 Grenade
24%
1 1 0 Bahreïn
17%
1 1 0 Équateur
10%
0 0 1 Zambie
7%
0 0 1 Porto Rico
2%
1 0 0 Dominican
0%
Aucun quiz correspondant
Distribution des résultats
% des personnes avec chaque résultat
Percentile par nombre de réponses
Votre historique - résultats
Vous n’avez pas pris ce quiz